| 000 | 02694nkm0a2200493 4500 | ||
|---|---|---|---|
| 001 | RU\NLR\BIBL_A\022580122 | ||
| 005 | 20260119110624.0 | ||
| 035 | _a(NLR Aleph) 022580122 | ||
| 071 | 5 | 0 | _d50 коп. |
| 090 |
_a88945 _c88945 |
||
| 100 | _a20250704d1943 u y0rusy50 ca | ||
| 101 | 0 | _arus | |
| 102 | _aRU | ||
| 116 | _aiiycxx bf ad | ||
| 135 | _acrcn 024anaba | ||
| 181 | 0 |
_ab4 _bxb2e |
|
| 182 | 0 | _an | |
| 200 | 1 |
_aРучная противотанковая граната обр. 1940 г. (РПГ-40) _e[плакат] _gавтор инженер-майор И. Заровский _gредактор майор И. Мурзаев |
|
| 203 |
_aИзображение _bнеподвижное _bдвухмерное _bвизуальное _cнепосредственное |
||
| 210 |
_aМосква _cВоенное издательство Народного коммисариата обороны _d1943 _eМосква _g1-я типография Трансжелдориздата НКПС |
||
| 215 |
_a1 л. _cхромолиторг. _d46,5х60 |
||
| 300 | _aВ вып. дан.: Г 110434. Воениздат И-115; Подписано к печати 3/VII 1943 г.; Заказ 891 | ||
| 325 | _aКопия доступна в Электрон. б-ке РНБ | ||
| 606 | 1 |
_aПлакат инструктивный _2nlr_sh2 _3RU\NLR\AUTH\6601761657 |
|
| 606 | 1 |
_aВеликая Отечественная война _z1941 - 1945 _jПлакаты _2nlr_sh1 _2nlr_sh2 _3RU\NLR\AUTH\668893 |
|
| 606 | 1 |
_aРучные противотанковые гранаты _jПлакаты _2nlr_sh1 _3RU\NLR\AUTH\66951404 |
|
| 606 | 1 |
_aPANZER III, средние танки _jПлакаты _2nlr_sh2 _3RU\NLR\AUTH\661474624 |
|
| 686 | _aЩ150.466 | ||
| 700 | 1 |
_aЗаровский _bИ. _4570 |
|
| 712 | 0 | 2 |
_aВоениздат _cМосква _3RU\NLR\AUTH\8810147525 _4650 |
| 712 | 0 | 2 |
_aТипография им. М.К. Владимирова _cМосква _3RU\NLR\AUTH\8810047121 _4610 |
| 852 | 0 | 0 |
_aNLR _bЭ _jНпВо723/6-16 _mЭ034212 |
| 856 | 0 | _uhttps://vivaldi.nlr.ru/la000070989/view | |
| 856 | 1 | _uhttps://vivaldi.nlr.ru/la000070989/cover | |
| 856 | 2 | _uhttps://vivaldi.nlr.ru/la000070989/text | |
| 901 | _eИзографические материалы | ||
| 942 | _cVISUAL | ||
| 945 | _aРоссийская национальная библиотека | ||
| 980 | _aBV | ||
| 980 | _aNB | ||
| 981 | 1 | 7 |
_a(17) Изографические материалы _b(17) Плакаты |